Bangkok Post

Detalles Bibliográficos
Formato: Seriadas
Lenguaje:inglés
Publicado: Karachi : AsiaNet Pakistan (Pvt), 2012-
Materias:
Acceso en línea:http://www.vlex.com/source/7293

MARC

LEADER 00000nas a22000007a 4500
005 20130503094337.0
007 cr|||| ||||
008 130503c2012 pk |||| s|||| 0|||a1eng d
035 |a 7292 
040 |a vLex 
090 |c 4262  |d 4262 
245 0 0 |a Bangkok Post  |h [Recurso electrn̤ico] 
256 |a Servicio en ln̕ea 
260 |a Karachi :  |b AsiaNet Pakistan (Pvt),  |c 2012- 
300 |a 1 Recurso electrn̤ico 
506 |d vLex Global  |d vLex Global (Academic Edition, excluding Law Schools)  |d vLex Global (U.S. Academic Edition, Law Schools)  |d vLex Global (U.S. Academic Edition, excluding Law Schools)  |d vLex Global (Academic Edition, Law Schools) 
650 0 4 |a Informacin̤ general  |v Revistas  |z Tailandia  
740 |a vLex Revistas (Servicio en ln̕ea) 
856 |a Acceso restringido  |u http://www.vlex.com/source/7293 
942 |c REV 
999 0 |a News